Guess the characters in Bridgerton S4 by picture - Statistics

General Stats
  • This quiz has been taken 41 times
  • The average score is 19 of 24
Answer Stats
Picture Answer % Correct
Anthony Bridgerton
100%
Eloise Bridgerton
100%
Colin Bridgerton
96%
Gregory Bridgerton
96%
John Stirling
96%
Kate Bridgerton
96%
Sophie Bridgerton
96%
Benedict Bridgerton
92%
Hyacinth Bridgerton
92%
Lady Agatha Danbury
92%
Penelope Bridgerton
92%
Violet Bridgerton
92%
Francesca Bridgerton
88%
Queen Charlotte
83%
Cressida Gun
79%
Posy Li
79%
Brimsley
67%
Michaela Stirling
63%
Alice Mondrich
58%
Araminta Gun
58%
Marcus Anderson
58%
Will Mondrich
58%
Alfie
42%
Rosamund Li
38%
No matching quizzes found
Score Distribution
Percent of People with Each Score
Percentile by Number Answered
Your Score History
You have not taken this quiz